000 01259cam a22003254a 4500
001 12072313
003 ARRUPE
005 20150827145026.0
008 000622s2000 mdu b 001 0 eng
010 _a 00056806
020 _a0761817964 (pbk : alk. paper)
040 _aDLC
_cDLC
_dDLC
042 _apcc
043 _af-rh---
050 0 0 _aDT2996
_b.B49 2000
082 0 0 _a968.91
_221
100 1 _aBeza, Jabulani.
_919045
245 1 0 _aRhodesia :
_ba lesson in African self-reliance /
_cJabulani Beza.
260 _aLanham :
_bUniversity Press of America,
_cc2000.
300 _a169 p. ;
_c23 cm.
504 _aIncludes bibliographical references (p. 153-160) and index.
610 2 0 _aOrganization of African Unity.
_919046
650 0 _aSelf-reliance
_zZimbabwe.
_919047
650 0 _aNationalism
_zZimbabwe.
_9366
651 0 _aZimbabwe
_xColonial influence.
_9371
651 0 _aZimbabwe
_xEconomic conditions
_y1980-
_915169
906 _a7
_bcbc
_corignew
_d1
_eocip
_f20
_gy-gencatlg
942 _2lcc
_cMONOGRAPH
999 _c123159
_d123159